<?xml version="1.0" encoding="UTF-8"?>
<collection xmlns:xsi="http://www.w3.org/2001/XMLSchema-instance" xsi:schemaLocation="http://www.loc.gov/MARC21/slim http://www.loc.gov/standards/marcxml/schema/MARC21slim.xsd" xmlns="http://www.loc.gov/MARC21/slim">
 <record>
  <leader>00000cab a22000004cb4500</leader>
  <controlfield tag="001">IPP-00000663249</controlfield>
  <controlfield tag="003">IPP</controlfield>
  <controlfield tag="005">20251014150909.0</controlfield>
  <controlfield tag="008">251014s2010    xx     d | ||r |||||eng||</controlfield>
  <datafield tag="041" ind1="#" ind2="#">
   <subfield code="a">eng</subfield>
  </datafield>
  <datafield tag="100" ind1="1" ind2="#">
   <subfield code="a">Bucol, Abner A.</subfield>
  </datafield>
  <datafield tag="245" ind1="1" ind2="0">
   <subfield code="a">An avifaunal survey in selected sites along Bago River, Negros Occidental, Philippines</subfield>
  </datafield>
  <datafield tag="264" ind1="#" ind2="1">
   <subfield code="c">2010</subfield>
  </datafield>
  <datafield tag="300" ind1="#" ind2="#">
   <subfield code="b">tables; 22 cm.</subfield>
  </datafield>
  <datafield tag="520" ind1="#" ind2="#">
   <subfield code="a">The avifaunal species occurring in forest fragments and in a coastal marsh associated with the Bago River were surveyed from July to September 2009 and from February to April 2010. Using deliberate search, mist netting and transect walk, 129 species of birds belonging to 42 families were recorded, of which 15 are Philippine endemics, 68 are resident species, and 46 are migrants.&#13;Two threatened species were recorded during the study while three bird species were recorded as additions to the avifauna of Negros. Conservation of the remaining habitats for birds along the Bago River should be immediately implemented.</subfield>
  </datafield>
  <datafield tag="700" ind1="1" ind2="#">
   <subfield code="a">Averia, Leonardo</subfield>
  </datafield>
  <datafield tag="700" ind1="1" ind2="#">
   <subfield code="a">Bacosa, Rogie</subfield>
  </datafield>
  <datafield tag="700" ind1="1" ind2="#">
   <subfield code="a">Bangoy, Shirley</subfield>
  </datafield>
  <datafield tag="700" ind1="1" ind2="#">
   <subfield code="a">Menes, Carmen</subfield>
  </datafield>
  <datafield tag="700" ind1="1" ind2="#">
   <subfield code="a">Linaugo, Joji D.</subfield>
  </datafield>
  <datafield tag="700" ind1="1" ind2="#">
   <subfield code="a">Dales, Alma</subfield>
  </datafield>
  <datafield tag="773" ind1="0" ind2="#">
   <subfield code="t">Siliman Journal</subfield>
   <subfield code="g">Vol. 51, no. 1 (2010), 41-52</subfield>
  </datafield>
  <datafield tag="942" ind1="#" ind2="#">
   <subfield code="a">Article</subfield>
  </datafield>
  <datafield tag="950" ind1="#" ind2="#">
   <subfield code="a">FI</subfield>
  </datafield>
 </record>
</collection>
